000 00908nam a22002657a 4500
001 7736
003 FISKH
005 20250801145428.0
008 250801b cb ||||| |||| 00| 0 eng d
020 _a9781921229329
040 _aFISKH
_beng
_cFISKH
_dFISKH
050 _aPZ7.M4784456 G
082 _a226.5
100 _aMcDonough, Andrew
245 _aThe gardener and the Vine /
_cAndrew McDonough
260 _aCanberra :
_bLost Sheep resources,
_c2008.
300 _a32 unnumbered pages :
_bcolor illustrations ;
_c22 cm
505 _aE
520 _aA story about how God brings people into his family, The Gardener and the Vine tells about a small branch that when grafted to a larger one becomes strong and bears delicious fruit.
521 8 _a200
_bLexile estimate
521 8 _aE
_bRaz-Plus
650 _aChildren's
_vChildren's Stories
942 _2ddc
_cBK
_n0
999 _c7736
_d7736